| 000 -LEADER |
| fixed length control field |
01490pam a22003497a 4500 |
| 001 - CONTROL NUMBER |
| control field |
14700470 |
| 005 - DATE AND TIME OF LATEST TRANSACTION |
| control field |
20200227165025.0 |
| 008 - FIXED-LENGTH DATA ELEMENTS--GENERAL INFORMATION |
| fixed length control field |
070117s2007 at a b 001 0 eng d |
| 010 ## - LIBRARY OF CONGRESS CONTROL NUMBER |
| LC control number |
2007360162 |
| 020 ## - INTERNATIONAL STANDARD BOOK NUMBER |
| International Standard Book Number |
9780868408354 (pbk.) |
| 020 ## - INTERNATIONAL STANDARD BOOK NUMBER |
| International Standard Book Number |
0868408352 (pbk.) |
| 040 ## - CATALOGING SOURCE |
| Original cataloging agency |
ANL |
| Language of cataloging |
eng |
| Transcribing agency |
DLC |
| Modifying agency |
DLC |
| 041 ## - LANGUAGE CODE |
| Language code of text/sound track or separate title |
eng |
| 043 ## - GEOGRAPHIC AREA CODE |
| Geographic area code |
u-at--- |
| 050 00 - LIBRARY OF CONGRESS CALL NUMBER |
| Classification number |
SH131 |
| Item number |
.R66 2007 |
| 080 ## - UNIVERSAL DECIMAL CLASSIFICATION NUMBER |
| Universal Decimal Classification number |
639 R-75 |
| 082 04 - DEWEY DECIMAL CLASSIFICATION NUMBER |
| Classification number |
639.310994 |
| Edition number |
22 |
| 100 1# - MAIN ENTRY--PERSONAL NAME |
| Personal name |
Romanowski, Nick, |
| Dates associated with a name |
1954- |
| 9 (RLIN) |
7592 |
| 245 10 - TITLE STATEMENT |
| Title |
Sustainable freshwater aquaculture : |
| Remainder of title |
the complete guide from backyard to investor / |
| Statement of responsibility, etc. |
Nick Romanowski. |
| 264 ## - PRODUCTION, PUBLICATION, DISTRIBUTION, MANUFACTURE, AND COPYRIGHT NOTICE |
| Place of production, publication, distribution, manufacture |
Sydney : |
| Name of producer, publisher, distributor, manufacturer |
UNSW Press, |
| Date of production, publication, distribution, manufacture, or copyright notice |
2007. |
| 300 ## - PHYSICAL DESCRIPTION |
| Extent |
184 p. : |
| Other physical details |
col. ill. ; |
| Dimensions |
24 cm. |
| 500 ## - GENERAL NOTE |
| General note |
Revision of "Farming in ponds and dams, an introduction to freshwater aquaculture in Australia". |
| 504 ## - BIBLIOGRAPHY, ETC. NOTE |
| Bibliography, etc. note |
Includes bibliographical references and index. |
| 650 #0 - SUBJECT ADDED ENTRY--TOPICAL TERM |
| Topical term or geographic name entry element |
Aquaculture |
| Geographic subdivision |
Australia. |
| 9 (RLIN) |
7593 |
| 650 #0 - SUBJECT ADDED ENTRY--TOPICAL TERM |
| Topical term or geographic name entry element |
Aquaculture industry |
| Geographic subdivision |
Australia. |
| 9 (RLIN) |
7594 |
| 653 ## - INDEX TERM--UNCONTROLLED |
| keyword |
მტკნარი წყლის აკვაკულტურა |
| 653 ## - INDEX TERM--UNCONTROLLED |
| keyword |
სოფლის მეურნეობა |
| 740 0# - ADDED ENTRY--UNCONTROLLED RELATED/ANALYTICAL TITLE |
| Uncontrolled related/analytical title |
Farming in ponds and dams, an introduction to freshwater aquaculture in Australia |
| 906 ## - LOCAL DATA ELEMENT F, LDF (RLIN) |
| a |
7 |
| b |
cbc |
| c |
copycat |
| d |
3 |
| e |
ncip |
| f |
20 |
| g |
y-gencatlg |
| 942 ## - ADDED ENTRY ELEMENTS (KOHA) |
| Source of classification or shelving scheme |
|
| Koha item type |
წიგნი |